El bloqueo del hombre : Novela del drama de España /

Guardado en:
Autor Principal: Cimorra, Clemente.
Formato: Libro
Idioma:Undetermined
Publicado: Buenos Aires : Editorial Claridad, 1940.
Materias:
Etiquetas: Agregar Etiqueta
Sin Etiquetas, Sea el primero en etiquetar este registro!
LEADER 00530nam a22001575a 4500
001 EHU.bham046421
005 20110509164059.0
008 110509s1940####ag############000#0#und#d
100 1 |a Cimorra, Clemente. 
245 0 0 |a El bloqueo del hombre :  |b Novela del drama de España /  |c Clemente Cimorra. 
260 |a Buenos Aires :  |b Editorial Claridad,  |c 1940. 
300 |a 206 p. 
653 |a Novela española. 
653 |a Guerra española. 
653 |a Novela histórica. 
859 |a AR-BHAM  |b BIB. HUMANIDADES - Donacion Lejarraga  |h MFN000640  |p 000640.19